000
00313 a2200145 4500
001
155567
040
_c
Escola São Tomás de Aquino
240
1
0
_a
Buriti Português
_l
por
245
1
0
_a
Buriti Português
300
_a
168
362
0
_a
2010
440
1
_a
Moderna
697
_a
Língua portuguesa
942
_c
BK
999
_c
155567
_d
155567